Poznámky k pojmu efektivnosti

Nejednoznačné chápanie pojmu ekonomická efektívnosť. Spoločenská efektívnosť. Definícia efektívneho stavu.

Gespeichert in:
Bibliographische Detailangaben
1. Verfasser: Lipka, David
Format: Buchkapitel
Sprache:Tschechisch
Schlagworte:
Tags: Tag hinzufügen
Keine Tags, Fügen Sie das erste Tag hinzu!

MARC

LEADER 00000naa$a2200000$$$4500
001 0055406
005 20231116103717.7
041 0 |a cze 
044 |a CZ 
245 1 0 |a Poznámky k pojmu efektivnosti  |c David Lipka 
520 |a Nejednoznačné chápanie pojmu ekonomická efektívnosť. Spoločenská efektívnosť. Definícia efektívneho stavu. 
610 2 0 |a pojmy 
610 2 0 |a teórie ekonomické 
610 2 0 |a efektívnosť ekonomická 
100 1 |a Lipka, David